[Event "Madrid San Viator op-B 27th"]
[Site "Madrid"]
[Date "2016.10.16"]
[Round "5"]
[White "Casado Salvo, Jose Maria"]
[Black "Prieto Gonzalez, Cesar"]
[Result "0-1"]
[WhiteElo "1629"]
[BlackElo "1503"]
[PlyCount "66"]
[EventDate "2016.09.25"]
[EventType "swiss"]
[EventRounds "9"]
[EventCountry "ESP"]
[SourceTitle "EXT 2017"]
[Source "ChessBase"]
[SourceDate "2016.10.25"]
[SourceVersion "1"]
[SourceVersionDate "2016.10.25"]
[SourceQuality "1"]

1. b3 d6 2. Bb2 e5 3. e3 c6 4. d3 Nf6 5. Nd2 Be7 6. Ne2 Be6 7. Ng3 Qc7 8. Be2 g6 9. d4 Nbd7 10. c4 h5 11. Rc1 d5 12. dxe5 Nxe5 13. Nf3 Bb4+ 14. Kf1 Ned7 15. cxd5 Bxd5 16. Bc4 Bxc4+ 17. Rxc4 Be7 18. Ne4 Rf8 19. Nxf6+ Bxf6 20. Re4+ Be7 21. g3 f6 22. Nd4 Rf7 23. f4 Nc5 24. Ne6 Nxe6 25. Rxe6 Rd8 26. Qe2 Qd7 27. Rxe7+ Qxe7 28. Kf2 Qb4 29. Bd4 c5 30. a3 Qxb3 31. Bxc5 b6 32. Bb4 Rfd7 33. Qb5 a5 0-1

[Event "Madrid San Viator op-B 27th"]
[Site "Madrid"]
[Date "2016.10.02"]
[Round "2"]
[White "Casado Salvo, Jose Maria"]
[Black "Giron Herranz, Juan"]
[Result "1/2-1/2"]
[WhiteElo "1629"]
[BlackElo "1241"]
[PlyCount "102"]
[EventDate "2016.09.25"]
[EventType "swiss"]
[EventRounds "9"]
[EventCountry "ESP"]
[SourceTitle "EXT 2017"]
[Source "ChessBase"]
[SourceDate "2016.10.25"]
[SourceVersion "1"]
[SourceVersionDate "2016.10.25"]
[SourceQuality "1"]

1. b3 e5 2. Bb2 Nc6 3. e3 d5 4. Bb5 Nge7 5. Bxe5 a6 6. Bxc6+ Nxc6 7. Bb2 f6 8. Ne2 Bd6 9. d3 Qe7 10. Nd2 b6 11. h3 Bb7 12. Nf3 0-0-0 13. Ned4 Nxd4 14. Nxd4 Be5 15. Qg4+ Kb8 16. 0-0-0 Bxd4 17. Qxd4 c5 18. Qf4+ Qc7 19. Qxc7+ Kxc7 20. f3 Rhe8 21. Rhe1 Rd7 22. d4 Rde7 23. Kd2 Kd6 24. c4 a5 25. Rc1 Bc6 26. Ba3 Rc7 27. dxc5+ bxc5 28. cxd5 Bxd5 29. Rc3 Rec8 30. Rec1 Bf7 31. e4 Be8 32. Ke3 g6 33. h4 h6 34. g3 Bf7 35. f4 Be8 36. e5+ fxe5 37. fxe5+ Kxe5 38. Rxc5+ Rxc5 39. Rxc5+ Rxc5 40. Bxc5 Bf7 41. Kd3 a4 42. bxa4 Bxa2 43. a5 Bd5 44. a6 Kf5 45. Be3 h5 46. Bf4 Ke6 47. Kd4 Bf3 48. Kc5 Kd7 49. Kd4 Kc8 50. Bd6 Bg2 51. Ke5 Bh3 1/2-1/2

[Event "Madrid San Viator op-B 27th"]
[Site "Madrid"]
[Date "2016.09.25"]
[Round "1"]
[White "Diaz del Prado, Carlos"]
[Black "Casado Salvo, Jose Maria"]
[Result "0-1"]
[WhiteElo "1303"]
[BlackElo "1629"]
[PlyCount "54"]
[EventDate "2016.09.25"]
[EventType "swiss"]
[EventRounds "9"]
[EventCountry "ESP"]
[SourceTitle "EXT 2017"]
[Source "ChessBase"]
[SourceDate "2016.10.25"]
[SourceVersion "1"]
[SourceVersionDate "2016.10.25"]
[SourceQuality "1"]

1. b3 f5 2. Bb2 Nf6 3. Nf3 e6 4. e3 Be7 5. d4 d5 6. Nc3 0-0 7. Bd3 Nc6 8. Qe2 Nb4 9. Ne5 Nd7 10. a3 Nxe5 11. axb4 Nxd3+ 12. Qxd3 Bxb4 13. 0-0 b6 14. Ba3 Bxa3 15. Rxa3 a5 16. Rfa1 Ba6 17. Qd2 Qd6 18. Ne2 Rf6 19. Nf4 Bb5 20. Nd3 Bxd3 21. Qxd3 Raf8 22. g3 Rc8 23. Ra4 c5 24. c4 Rff8 25. Rc1 Rfd8 26. cxd5 Qxd5 27. Rcc4 b5 0-1

[Event "Madrid San Viator op 22nd"]
[Site "Madrid"]
[Date "2014.05.11"]
[Round "6"]
[White "Hidalgo Prado, David"]
[Black "Casado Salvo, Jose Maria"]
[Result "0-1"]
[WhiteElo "1448"]
[BlackElo "1673"]
[PlyCount "80"]
[EventDate "2014.03.23"]
[EventType "swiss"]
[EventRounds "9"]
[EventCountry "ESP"]
[SourceTitle "EXT 2015"]
[Source "ChessBase"]
[SourceDate "2014.11.20"]
[SourceVersion "1"]
[SourceVersionDate "2014.11.20"]
[SourceQuality "1"]

1. e4 c6 2. d4 d5 3. exd5 cxd5 4. c4 e6 5. Nf3 Nf6 6. Nc3 Be7 7. cxd5 Nxd5 8. Bd3 Nc6 9. 0-0 a6 10. a3 Bf6 11. Re1 0-0 12. Be4 Nde7 13. Be3 Qc7 14. Qc2 g6 15. Red1 Rd8 16. Rac1 Rd7 17. d5 exd5 18. Nxd5 Nxd5 19. Bxd5 Rxd5 20. Rxd5 Be6 21. Rdd1 Bf5 22. Qe2 Rd8 23. Rxd8+ Qxd8 24. Bg5 Bxg5 25. Rd1 Qf6 26. h4 Bxh4 27. Nxh4 Qxh4 28. Qe8+ Kg7 29. Rd6 Qc4 30. Qe3 Qc2 31. Rd2 Qc1+ 32. Kh2 Qc4 33. Qg5 Qe6 34. f3 Qe5+ 35. g3 Qe1 36. g4 h6 37. Qf4 g5 38. Qg3 Qxd2+ 39. Kh3 Be6 40. f4 Qxf4 0-1

[Event "Madrid San Viator op 20th"]
[Site "Madrid"]
[Date "2013.04.14"]
[Round "2"]
[White "Casado Salvo, Jose Maria"]
[Black "Jaumandreu Llopis, Antonio"]
[Result "1-0"]
[WhiteElo "1758"]
[BlackElo "1590"]
[PlyCount "77"]
[EventDate "2013.04.07"]
[EventType "swiss"]
[EventRounds "9"]
[EventCountry "ESP"]
[SourceTitle "EXT 2014"]
[Source "ChessBase"]
[SourceDate "2013.11.20"]
[SourceVersion "1"]
[SourceVersionDate "2013.11.20"]
[SourceQuality "1"]

1. f4 d5 2. e3 c5 3. c3 Nc6 4. Nf3 Nf6 5. Be2 e6 6. 0-0 Bd6 7. d4 0-0 8. Ne5 Nd7 9. Rf3 f6 10. Nd3 e5 11. Rh3 e4 12. Nf2 Nb6 13. g4 f5 14. Nd2 Rf6 15. Nf1 fxg4 16. Bxg4 Bxg4 17. Nxg4 Rg6 18. Ng3 Re6 19. Ne5 Bxe5 20. fxe5 Qg5 21. Qh5 Qxh5 22. Nxh5 Rg6+ 23. Rg3 Rxg3+ 24. hxg3 c4 25. b3 Rf8 26. Bd2 a5 27. Kg2 Ne7 28. g4 Ng6 29. Be1 Rf3 30. Bf2 h6 31. Rh1 Rf8 32. Re1 Rc8 33. Rc1 Nd7 34. Kg3 Ndf8 35. Nf4 Kf7 36. Nxd5 Ne6 37. Nb6 Rc6 38. Nxc4 Ra6 39. Nd6+ 1-0

[Event "Madrid San Viator op 20th"]
[Site "Madrid"]
[Date "2013.04.07"]
[Round "1"]
[White "Rodriguez Varela, Alvaro"]
[Black "Casado Salvo, Jose Maria"]
[Result "1-0"]
[WhiteElo "1751"]
[BlackElo "1758"]
[PlyCount "72"]
[EventDate "2013.04.07"]
[EventType "swiss"]
[EventRounds "9"]
[EventCountry "ESP"]
[SourceTitle "EXT 2014"]
[Source "ChessBase"]
[SourceDate "2013.11.20"]
[SourceVersion "1"]
[SourceVersionDate "2013.11.20"]
[SourceQuality "1"]

1. e4 d6 2. d4 Nf6 3. Nc3 g6 4. Bg5 Bg7 5. f3 a6 6. Qd2 Nbd7 7. Bh6 0-0 8. Bxg7 Kxg7 9. g4 e5 10. 0-0-0 b5 11. h4 h5 12. g5 Ne8 13. dxe5 Nxe5 14. f4 Nd7 15. Nf3 Bb7 16. Qd4+ Kh7 17. Bg2 c5 18. Qd3 Nb6 19. Rhf1 b4 20. Ne2 a5 21. f5 Ba6 22. Qe3 Nc4 23. Qf2 Qe7 24. Nd2 Qe5 25. Nxc4 Bxc4 26. fxg6+ Kg7 27. gxf7 Rxf7 28. Qe3 Qh2 29. Rxf7+ Bxf7 30. Qf2 Qe5 31. Ng3 Nc7 32. Nf5+ Kh8 33. Rxd6 Ne6 34. Nh6 Rf8 35. Nxf7+ Rxf7 36. Qxf7 Qxd6 1-0